02172cam a2200349 i 4500001001000000003000900010005001700019008004100036020003000077035002600107040004500133043001200178082001700190245008500207264006200292264001000354300004500364336002600409337002800435338002700463504004100490520092100531650003501452650003501487651004001522653003101562655001701593700005001610942001201660999001701672952013301689017774852EG-ScBUE20240331124821.0160311t2009 ua a f b 000 0 eng d a9789771773429 (paperback) a(IiNdDKA)DKMEA-81-PBK aIiNdDKAbengerdacIiNdDKAdUkdEG-ScBUE af-ua---04a932bWON22200aWonders of Karnak :bthe sound and light of Thebes /cintroduced by Zahi Hawass. 1aCairo :bMisr Company for Sound, Light, & Cinema,c[2009] 4cc2009 a90 pages :bcolor illustrations ;c24 cm 2rdacontentatextbtxt aunmediated2rdamediabn avolumebnc2rdacarrier aIncludes bibliographical references. aOne of the highlights of a visit to the historic monuments of Luxor, ancient Thebes, is the famed Sound & Light Show in the great temple complex of Karnak. As visitors arrive after sunset at the first pylon and walk through the magnificent hypostyle hall, they are treated to the first part of this spectacular show of music, historical narration, and lights and images played on the ancient walls. The experience continues as they reach their seats and view the culmination of the spectacle on the ancient stones across the sacred lake. This new, full-color presentation serves as the ideal record—or foretaste—of the Karnak Sound & Light experience, with a historical introduction to the area and the temples by internationally renowned Egyptologist Zahi Hawass, and the complete script of the show, accompanied by over 60 beautiful photographs of the light show and of Karnak Temple and other sights of Luxor. 7aTempleszEgyptzKarnak.2BUEsh 7aTheaterxSound effects.2BUEsh 7aKarnak (Egypt)xAntiquities.2BUEsh bGGENbCOMAMEcFebruary2019 vReading book1 aHawass, Zahi A.eauthor of introduction, etc. 2ddccBB c27186d27158 00102ddc40708AUCaMAINbMAINc2NDd2019-02-24ePurchaseg65.00h16583l0o932 WONp000044299r2025-07-15 00:00:00v81.25yBB